[Event "Int. Stuttgarter Stadtmeisterschaft C"]
[Site "Ditzingen"]
[Date "2018.05.12"]
[Round "6.18"]
[White "Schmidt, Victor"]
[Black "Braun, Noah"]
[Result "1-0"]
[WhiteElo "1394"]
[BlackElo "1111"]
[PlyCount "101"]
[EventDate "2018.??.??"]
[WhiteTeam "SK Gerlingen"]
[BlackTeam "Schach-Kids Bernhausen"]

1. e4 c5 2. Nf3 d6 3. b3 Nf6 4. d3 g6 5. Bb2 Bg7 6. Nc3 O-O 7. Rb1 Nc6 8. Be2
e6 9. O-O d5 10. exd5 exd5 11. d4 cxd4 12. Nxd4 Re8 13. Nxc6 bxc6 14. Bf3 Bf5
15. g3 Rc8 16. Na4 Qd7 17. Bg2 Red8 18. Nc5 Qe7 19. Nd3 Bxd3 20. Qxd3 Re8 21.
Bxf6 Bxf6 22. Bh3 Rcd8 23. Qa6 Rd6 24. a4 Qe4 25. Qxa7 Qxc2 26. Bd7 Re7 27.
Qb8+ Kg7 28. Qxd6 Qc3 29. Qxc6 Qf3 30. Bh3 Re6 31. Bxe6 fxe6 32. Qxe6 h5 33.
Rfd1 h4 34. Qd7+ Kh6 35. Qxd5 Qg4 36. Rf1 hxg3 37. hxg3 Kg7 38. Rbd1 Kh6 39.
Kg2 g5 40. Qf3 Qxf3+ 41. Kxf3 Kh5 42. g4+ Kh6 43. Rd6 Kg6 44. Re1 Kg7 45. Rxf6
Kxf6 46. a5 Kg7 47. a6 Kh7 48. a7 Kg7 49. a8=Q Kh7 50. Qb7+ Kg6 51. Re6# 1-0

[Event "Int. Stuttgarter Stadtmeisterschaft C"]
[Site "Ditzingen"]
[Date "2018.05.12"]
[Round "6.19"]
[White "Schmid, Aaron"]
[Black "Habinski, David"]
[Result "1-0"]
[WhiteElo "1308"]
[BlackElo "1013"]
[PlyCount "101"]
[EventDate "2018.??.??"]
[WhiteTeam "Zürich Chess4Kids"]
[BlackTeam "TSV Schönaich"]

1. d4 Nf6 2. Nf3 d5 3. g3 g6 4. Bg2 Bg7 5. Nc3 O-O 6. Bf4 a6 7. Qd2 Nc6 8.
O-O-O Ng4 9. Rdf1 Bf5 10. h3 Nf6 11. Bh6 b5 12. Bxg7 Kxg7 13. g4 Be6 14. g5 Ne4
15. Nxe4 dxe4 16. Nh4 Qxd4 17. Qxd4+ Nxd4 18. Bxe4 Rad8 19. e3 Ne2+ 20. Kb1 Bc4
21. Rd1 b4 22. Bd3 Bb5 23. Rhe1 c6 24. Bxe2 Bxe2 25. Rxd8 Rxd8 26. a3 Bb5 27.
axb4 f6 28. gxf6+ exf6 29. Nf3 Rc8 30. Nd4 Kf7 31. Nxb5 axb5 32. Rd1 Ke7 33. b3
Rd8 34. Rxd8 Kxd8 35. Kb2 Kd7 36. c4 Kd6 37. Kc3 h5 38. Kd4 f5 39. f4 Ke6 40.
Kc5 Kd7 41. cxb5 cxb5 42. Kxb5 Ke6 43. Ka6 Kd5 44. b5 Ke4 45. b6 Kxe3 46. b7
Kxf4 47. b8=Q+ Kf3 48. Qb7+ Kg3 49. Qb6 Kxh3 50. Qxg6 h4 51. Qxf5+ 1-0

[Event "Int. Stuttgarter Stadtmeisterschaft C"]
[Site "Ditzingen"]
[Date "2018.05.12"]
[Round "6.20"]
[White "Burkert, Rolf"]
[Black "Aird, David"]
[Result "1-0"]
[WhiteElo "1238"]
[BlackElo "760"]
[PlyCount "93"]
[EventDate "2018.??.??"]
[WhiteTeam "SK Gerlingen"]
[BlackTeam "SV Stuttgart-Wolfbusch"]

1. d4 d5 2. Nf3 Nc6 3. e3 a6 4. b3 Nf6 5. Bb2 Ne4 6. c3 Bg4 7. Be2 e6 8. h3 Bh5
9. Nbd2 Bxf3 10. Bxf3 Nxd2 11. Qxd2 b5 12. O-O Qg5 13. g3 Qf5 14. Kg2 Bd6 15.
Rad1 O-O 16. Qd3 Qxd3 17. Rxd3 Ne7 18. e4 dxe4 19. Bxe4 Rab8 20. Rf3 b4 21. c4
c5 22. Rd1 f5 23. Bc2 Rb7 24. Re3 Kf7 25. Rde1 Rb6 26. f4 Bc7 27. dxc5 g6 28.
cxb6 Bxb6 29. Rxe6 Bd8 30. Rf6+ Ke8 31. Rxf8+ Kxf8 32. Re6 Nc8 33. Rxa6 Kf7 34.
Ra8 Ke7 35. Rxc8 Bb6 36. c5 Ba5 37. Ra8 Bc7 38. Be5 Bxe5 39. fxe5 Kd7 40. Ra6
Kc7 41. Bd1 Kb7 42. Rb6+ Kc7 43. Bf3 g5 44. Rb7+ Kc8 45. Rxh7 Kd8 46. e6 Ke8
47. c6 1-0

[Event "Int. Stuttgarter Stadtmeisterschaft C"]
[Site "Ditzingen"]
[Date "2018.05.13"]
[Round "7.2"]
[White "Arvai, Marton"]
[Black "Meißner, Ole"]
[Result "1-0"]
[WhiteElo "1418"]
[BlackElo "1298"]
[PlyCount "135"]
[EventDate "2018.??.??"]
[WhiteTeam "TSV Münchingen"]
[BlackTeam "SK Bietigheim-Bissingen"]

1. e4 e5 2. Nf3 Nc6 3. d4 exd4 4. Nxd4 Bc5 5. Nb3 Bb6 6. Bc4 Nf6 7. Nc3 O-O 8.
O-O d6 9. h3 h6 10. Re1 Be6 11. Nd5 Ne5 12. Nxb6 axb6 13. Bxe6 fxe6 14. Nd4 Qd7
15. f4 Rad8 16. Qe2 Nc6 17. Rd1 e5 18. Nf5 Nxe4 19. Nxh6+ gxh6 20. Qxe4 Rf6 21.
Rd3 Qg7 22. Bd2 Rdf8 23. Rf1 Ne7 24. Qc4+ R8f7 25. Qxc7 Ng6 26. Qc8+ Rf8 27.
Qc4+ Kh8 28. f5 Rxf5 29. Rxf5 Rxf5 30. Rxd6 Nf4 31. Rd8+ Kh7 32. Bxf4 Rxf4 33.
Qd3+ e4 34. Qd4 Qxd4+ 35. Rxd4 Kg6 36. g3 Rf3 37. Rxe4 Rxg3+ 38. Kh2 Rf3 39.
Kg2 Rf5 40. Re6+ Rf6 41. Rxf6+ Kxf6 42. Kf3 b5 43. Kf4 b6 44. c3 Ke6 45. b3 Kf6
46. h4 Ke6 47. Kg4 Kf6 48. Kf4 Ke6 49. a3 Kf6 50. a4 bxa4 51. bxa4 Ke6 52. c4
Kf6 53. Kg4 Kg6 54. h5+ Kf6 55. Kf4 Ke6 56. Ke4 Kd6 57. Kd4 Kc6 58. Kd3 Kd7 59.
c5 bxc5 60. Kc4 Kc6 61. a5 Kb7 62. Kxc5 Ka6 63. Kd5 Kxa5 64. Ke6 Kb6 65. Kf6
Kc6 66. Kg6 Kd6 67. Kxh6 Ke6 68. Kg7 1-0

[Event "Int. Stuttgarter Stadtmeisterschaft C"]
[Site "Ditzingen"]
[Date "2018.05.13"]
[Round "7.3"]
[White "Rappazzo, Johannes"]
[Black "Stegmiller, Dennis"]
[Result "1-0"]
[WhiteElo "1494"]
[BlackElo "1502"]
[PlyCount "53"]
[EventDate "2018.??.??"]
[WhiteTeam "Zürich Chess4Kids"]
[BlackTeam "TSF Ditzingen"]

1. e4 e5 2. Nf3 Nc6 3. Bc4 Bc5 4. Nc3 Nf6 5. d3 a6 6. Bg5 h6 7. Bh4 g5 8. Bg3
d6 9. h3 Qe7 10. Qe2 Bd7 11. a3 O-O-O 12. b4 Nd4 13. bxc5 Nxf3+ 14. gxf3 dxc5
15. Rb1 Bc6 16. h4 b5 17. Bd5 Nxd5 18. Nxd5 Bxd5 19. exd5 Qf6 20. Qe3 Rxd5 21.
hxg5 hxg5 22. Ke2 Rg8 23. c4 bxc4 24. dxc4 Rd7 25. Qe4 c6 26. Bxe5 Qe6 27. Rb8#
1-0

[Event "Int. Stuttgarter Stadtmeisterschaft C"]
[Site "Ditzingen"]
[Date "2018.05.13"]
[Round "7.4"]
[White "Herrmann, David"]
[Black "Dietrich, Malte"]
[Result "1/2-1/2"]
[WhiteElo "1335"]
[BlackElo "1419"]
[PlyCount "96"]
[EventDate "2018.??.??"]
[WhiteTeam "SV Weil der Stadt"]
[BlackTeam "Rochade Metzingen"]

1. d4 Nf6 2. c4 g6 3. Nc3 Bg7 4. Nf3 O-O 5. Bg5 h6 6. Bh4 d6 7. e3 c5 8. Be2
Nc6 9. d5 Ne5 10. Nxe5 dxe5 11. e4 Nh7 12. O-O Qe8 13. Nb5 h5 14. Bg3 Qd8 15.
f3 a6 16. Nc3 Qd6 17. Rb1 e6 18. a3 f5 19. b3 f4 20. Bf2 Bd7 21. b4 b6 22. bxc5
bxc5 23. Na4 Bxa4 24. Qxa4 Rfb8 25. Qc2 Nf6 26. Rb2 Nd7 27. Rfb1 Kf7 28. Be1
Rxb2 29. Rxb2 Rb8 30. Qb1 Qc7 31. Rxb8 Nxb8 32. a4 Bf6 33. Bc3 Be7 34. Qb2 Bd6
35. Kf2 Nd7 36. a5 Qc8 37. Bd1 Qb8 38. Ba4 Qxb2+ 39. Bxb2 Nb8 40. Ke2 Kf6 41.
Bc3 g5 42. Be8 h4 43. h3 Ke7 44. Ba4 Bc7 45. Kd3 Kd6 46. Kc2 Bd8 47. Kd3 Bf6
48. Kc2 Bg7 1/2-1/2

[Event "Int. Stuttgarter Stadtmeisterschaft C"]
[Site "Ditzingen"]
[Date "2018.05.13"]
[Round "7.5"]
[White "Izquierdo, Antonio"]
[Black "Hennicken, Arnold"]
[Result "1-0"]
[WhiteElo "1486"]
[BlackElo "1298"]
[PlyCount "127"]
[EventDate "2018.??.??"]
[WhiteTeam "TSF Ditzingen"]
[BlackTeam "SF Esch"]

1. e4 e5 2. Bc4 Nf6 3. Nf3 Nc6 4. Ng5 d5 5. exd5 Nxd5 6. Qf3 Qxg5 7. Bxd5 Qg6
8. c3 Bd7 9. d3 Be7 10. Be4 f5 11. Bd5 O-O-O 12. b4 Rhf8 13. Nd2 Rde8 14. b5
Nd8 15. Qe3 b6 16. O-O Bxb5 17. c4 Bc6 18. Bxc6 Nxc6 19. a4 Bc5 20. Qg3 Qxg3
21. hxg3 Rd8 22. Re1 Rxd3 23. Nf3 e4 24. Ng5 Rxg3 25. Ne6 Rd8 26. Nxc5 Rc3 27.
Ne6 Rd7 28. Nxg7 Rf7 29. Ne6 Rxc4 30. Nf4 Rd7 31. Be3 Ne5 32. a5 Kb7 33. a6+
Kc8 34. Nh5 Nd3 35. Red1 Rf7 36. Nf4 Nxf4 37. Bxf4 Rd7 38. Rdb1 Rdd4 39. g3 Kd7
40. Kg2 Kc6 41. Rh1 Rd7 42. Rhb1 Rc5 43. Rb2 Rdd5 44. Rh1 Rd7 45. Rh6+ Rd6 46.
Bxd6 cxd6 47. Rxh7 Ra5 48. Rxa7 d5 49. Ra8 d4 50. a7 d3 51. Rb8 Rxa7 52. R8xb6+
Kd5 53. R6b4 Rc7 54. Rb5+ Rc5 55. Rxc5+ Kxc5 56. Kf1 Kc4 57. Ke1 Kc3 58. Ra2
Kb3 59. Rd2 Kc3 60. Kd1 Kb3 61. Ke1 Kc3 62. Ra2 Kb3 63. Ra5 Kc3 64. Rxf5 1-0

[Event "Int. Stuttgarter Stadtmeisterschaft C"]
[Site "Ditzingen"]
[Date "2018.05.13"]
[Round "7.6"]
[White "Stecher, Oliver"]
[Black "Al Khalaf, Mohamad"]
[Result "1-0"]
[WhiteElo "1181"]
[BlackElo "1233"]
[PlyCount "57"]
[EventDate "2018.??.??"]
[WhiteTeam "SSV Zuffenhausen"]
[BlackTeam "SV Backnang"]

1. e4 e5 2. Nf3 Nc6 3. Bc4 Nf6 4. d3 d6 5. Nc3 Bg4 6. h3 Bxf3 7. Qxf3 Nd4 8.
Qd1 c6 9. Bg5 Be7 10. Ne2 Nxe2 11. Qxe2 h6 12. Bxf6 Bxf6 13. O-O-O O-O 14. g3
d5 15. Bb3 Re8 16. Qf3 d4 17. h4 b5 18. Qf5 Qc8 19. Qh5 Rf8 20. g4 g6 21. Qxg6+
Bg7 22. g5 Qg4 23. Rdg1 Qf4+ 24. Kb1 Kh8 25. Qxc6 f6 26. Qd7 fxg5 27. hxg5 Rad8
28. Qe6 Rde8 29. Rxh6+ 1-0

[Event "Int. Stuttgarter Stadtmeisterschaft C"]
[Site "Ditzingen"]
[Date "2018.05.13"]
[Round "7.7"]
[White "Tzavidas, Nikolaos"]
[Black "Schäfer, Helmut"]
[Result "1-0"]
[WhiteElo "1349"]
[BlackElo "1197"]
[PlyCount "87"]
[EventDate "2018.??.??"]
[WhiteTeam "SC Winnenden"]
[BlackTeam "TSV Münchingen"]

1. e4 e5 2. Nf3 d6 3. Bc4 Be7 4. d4 exd4 5. Qxd4 Bf6 6. e5 Qe7 7. Bf4 Nc6 8.
Bb5 Bd7 9. Bxc6 Bxc6 10. O-O Bxf3 11. exf6 Qxf6 12. Qxf6 Nxf6 13. gxf3 O-O-O
14. Nc3 h6 15. Rfe1 g5 16. Be3 c5 17. Rad1 a6 18. Ne4 Nxe4 19. fxe4 Rhe8 20. f3
f6 21. Kf2 h5 22. Rd5 Re5 23. Red1 Kc7 24. Rxe5 fxe5 25. Bxg5 Rg8 26. Be7 Rg6
27. Rd3 Kd7 28. Bxd6 Rxd6 29. Rxd6+ Kxd6 30. Kg3 b5 31. Kh4 a5 32. Kxh5 c4 33.
Kg5 b4 34. h4 a4 35. b3 axb3 36. axb3 c3 37. h5 Kc5 38. h6 Kd4 39. h7 Ke3 40.
h8=Q Kd2 41. Qxe5 Kxc2 42. Qd4 Kxb3 43. Qc5 c2 44. e5 1-0

[Event "Int. Stuttgarter Stadtmeisterschaft C"]
[Site "Ditzingen"]
[Date "2018.05.13"]
[Round "7.8"]
[White "Winterkorn, Nikolaus"]
[Black "Eid, Sami"]
[Result "1-0"]
[WhiteElo "1335"]
[BlackElo "1034"]
[PlyCount "144"]
[EventDate "2018.??.??"]
[WhiteTeam "DJK Sportbund Stgt."]
[BlackTeam "SF Freiberg"]

1. Nf3 Nc6 2. d4 d5 3. Bf4 Bf5 4. a3 Nf6 5. Nbd2 e6 6. h3 Bd6 7. Bxd6 cxd6 8.
e3 e5 9. Be2 e4 10. Nh2 Qd7 11. O-O O-O 12. Re1 Ne7 13. Ndf1 Rac8 14. Ng3 Be6
15. f4 exf3 16. Bxf3 Nf5 17. Nxf5 Bxf5 18. Rc1 Rc7 19. c3 Qb5 20. Re2 Ne4 21.
Qe1 Re8 22. Bxe4 dxe4 23. Rf2 Re6 24. g4 Rg6 25. Rxf5 Qxf5 26. Qg3 Rd7 27. Rf1
Qb5 28. Rf2 Qc6 29. Rf4 d5 30. Rxe4 Rd8 31. Rf4 Qc7 32. Qf2 Rdd6 33. Nf3 Rdf6
34. Ne5 Rh6 35. g5 Rxf4 36. exf4 Rxh3 37. Kg2 Qc8 38. f5 Rh5 39. Qf4 f6 40. Nf3
fxg5 41. Nxg5 Qd8 42. Ne6 Qh4 43. Qxh4 Rxh4 44. Kg3 Rh1 45. Nf4 Kf7 46. Nxd5 h5
47. Kg2 Rh4 48. Kg3 Rg4+ 49. Kf3 Rg5 50. Kf4 Rg1 51. Kf3 h4 52. Kf2 Rg5 53. Ne3
h3 54. Nf1 Rxf5+ 55. Kg1 g5 56. Ng3 Rb5 57. b4 Ke6 58. c4 Rb6 59. b5 Rd6 60.
Ne2 b6 61. c5 bxc5 62. dxc5 Rd5 63. c6 Rc5 64. a4 Kd5 65. Ng3 Kc4 66. Ne4 Rd5
67. a5 Rd8 68. b6 Kb5 69. c7 Rd1+ 70. Kh2 Rc1 71. b7 Rc2+ 72. Kxh3 Kxa5 1-0

[Event "Int. Stuttgarter Stadtmeisterschaft C"]
[Site "Ditzingen"]
[Date "2018.05.13"]
[Round "7.9"]
[White "Ropertz, Benjamin"]
[Black "Kandler, Christoph"]
[Result "1-0"]
[WhiteElo "1027"]
[BlackElo "1557"]
[PlyCount "149"]
[EventDate "2018.??.??"]
[WhiteTeam "TSF Ditzingen"]
[BlackTeam "SF Nabern"]

1. e4 e5 2. Nf3 f5 3. Bc4 Nf6 4. Nxe5 Qe7 5. d4 d6 6. Bf7+ Kd8 7. Bg5 Nbd7 8.
Bxf6 gxf6 9. Nxd7 Qxe4+ 10. Qe2 Qxe2+ 11. Kxe2 Bxd7 12. Re1 Bb5+ 13. Kd1 Be7
14. Nc3 Be8 15. Bxe8 Rxe8 16. Nd5 Kd7 17. Kd2 c6 18. Nxe7 Rxe7 19. Rxe7+ Kxe7
20. Re1+ Kf7 21. Re3 Rg8 22. g3 Rg4 23. f4 b6 24. Ra3 a5 25. Rb3 b5 26. Rc3 c5
27. dxc5 b4 28. Rc4 Ke6 29. cxd6 Kxd6 30. Rc8 Rg7 31. Ra8 a4 32. Kd3 Kc5 33.
Ra5+ Kb6 34. Rxf5 Rd7+ 35. Kc4 Rc7+ 36. Kxb4 Rxc2 37. Rxf6+ Kc7 38. Rf7+ Kd6
39. Rxh7 Rxb2+ 40. Kxa4 Rxa2+ 41. Kb3 Rf2 42. Rh5 Ke6 43. Kc3 Kf6 44. Kd3 Kg6
45. Ke3 Ra2 46. Rh8 Kf5 47. Kf3 Ra3+ 48. Kg2 Kg4 49. Rh4+ Kf5 50. Kh3 Rf3 51.
Rh5+ Kg6 52. Kg4 Rf2 53. f5+ Kg7 54. Kg5 Ra2 55. g4 Ra5 56. Rh6 Rb5 57. Rc6 Rb4
58. Rc7+ Kf8 59. h3 Rb3 60. h4 Rg3 61. f6 Rg2 62. Kh5 Rf2 63. Kg6 Ke8 64. g5
Rf4 65. h5 Rg4 66. h6 Rg1 67. h7 Rh1 68. Ra7 Kd8 69. Ra8+ Kd7 70. h8=Q Rxh8 71.
Rxh8 Ke6 72. f7 Ke5 73. Re8+ Kd4 74. f8=Q Kd5 75. Re7 1-0

[Event "Int. Stuttgarter Stadtmeisterschaft C"]
[Site "Ditzingen"]
[Date "2018.05.13"]
[Round "7.10"]
[White "Lindemann, Bastian"]
[Black "Volk, Emil"]
[Result "0-1"]
[WhiteElo "848"]
[BlackElo "947"]
[PlyCount "94"]
[EventDate "2018.??.??"]
[WhiteTeam "SC Feuerbach"]
[BlackTeam "SC Grunbach"]

1. e4 d5 2. Nc3 d4 3. Nce2 e5 4. Nf3 Nc6 5. d3 Nf6 6. Bg5 Be7 7. c3 Bg4 8. cxd4
Bxf3 9. gxf3 Nxd4 10. Nxd4 Qxd4 11. Be3 Qxb2 12. Qc1 Bb4+ 13. Kd1 Qc3 14. Qxc3
Bxc3 15. Rc1 Ba5 16. Bh3 Bb6 17. Bg5 c6 18. Ke2 Nh5 19. Rhg1 h6 20. Bd2 g5 21.
Bf1 O-O-O 22. Ke1 Nf4 23. Rc3 Bd4 24. Rb3 c5 25. Be3 b6 26. Bxd4 exd4 27. Ra3
Kb8 28. Kd2 b5 29. Ra5 a6 30. Rxa6 Kb7 31. Rf6 Rh7 32. Rf5 Kb6 33. h4 Ra8 34.
Rf6+ Ne6 35. Bh3 Rxa2+ 36. Kc1 Ra1+ 37. Kb2 Rxg1 38. hxg5 Rxg5 39. f4 Rh5 40.
Bf5 Rg7 41. Bxe6 fxe6 42. Rxe6+ Kc7 43. Ra6 Rg2 44. Kb3 Rxf2 45. f5 Rh3 46.
Ra7+ Kb6 47. Ra2 Rxd3# 0-1

[Event "Int. Stuttgarter Stadtmeisterschaft C"]
[Site "Ditzingen"]
[Date "2018.05.13"]
[Round "7.11"]
[White "Erhardt, Daniel"]
[Black "Schmidt, Victor"]
[Result "0-1"]
[WhiteElo "1135"]
[BlackElo "1394"]
[PlyCount "52"]
[EventDate "2018.??.??"]
[WhiteTeam "Schach-Kids Bernhausen"]
[BlackTeam "SK Gerlingen"]

1. e4 e5 2. Nf3 Nc6 3. Bb5 d6 4. c3 f5 5. exf5 Bxf5 6. d4 Bd7 7. Bg5 Be7 8.
Bxc6 Bxc6 9. Be3 e4 10. Nfd2 Nf6 11. f3 exf3 12. Nxf3 O-O 13. c4 d5 14. Ng5 Ne4
15. Ne6 Qd7 16. Nxf8 Rxf8 17. Nd2 Bb4 18. a3 Bxd2+ 19. Bxd2 Nxd2 20. Qxd2 Re8+
21. Kd1 dxc4 22. Re1 Rxe1+ 23. Qxe1 Qxd4+ 24. Kc1 Ba4 25. Rb1 Qf4+ 26. Qd2 Qf1+
0-1

[Event "Int. Stuttgarter Stadtmeisterschaft C"]
[Site "Ditzingen"]
[Date "2018.05.13"]
[Round "7.12"]
[White "Fischer, Uta"]
[Black "Schmid, Aaron"]
[Result "1-0"]
[WhiteElo "1074"]
[BlackElo "1308"]
[PlyCount "97"]
[EventDate "2018.??.??"]
[WhiteTeam "SC Aidlingen"]
[BlackTeam "Zürich Chess4Kids"]

1. e4 c5 2. Bc4 e6 3. Nc3 Nc6 4. Nf3 a6 5. a3 b5 6. Ba2 Bb7 7. d3 Be7 8. O-O
Qc7 9. Ne2 Ne5 10. Nxe5 Qxe5 11. c3 Nf6 12. Bf4 Qh5 13. Ng3 Qxd1 14. Raxd1 d5
15. exd5 Nxd5 16. Bxd5 Bxd5 17. Ne4 O-O-O 18. f3 Rd7 19. Be3 Rhd8 20. d4 cxd4
21. Bxd4 Bxe4 22. fxe4 e5 23. Rxf7 exd4 24. cxd4 Bf6 25. Rxd7 Rxd7 26. e5 Be7
27. Kf1 Rd5 28. Ke2 Kd7 29. Ke3 Bd8 30. Ke4 Ke6 31. Rc1 Rd7 32. Rc6+ Ke7 33.
Rxa6 g6 34. d5 Rb7 35. Rc6 Rb6 36. Rxb6 Bxb6 37. b3 Ba7 38. a4 bxa4 39. bxa4
Bb6 40. h3 h6 41. g4 Kd7 42. Kd3 Bc5 43. Kc4 Ba3 44. a5 Kc7 45. Kb5 g5 46. a6
Bf8 47. d6+ Kb8 48. Kb6 Ka8 49. Kc7 1-0

[Event "Int. Stuttgarter Stadtmeisterschaft C"]
[Site "Ditzingen"]
[Date "2018.05.13"]
[Round "7.13"]
[White "Hilger, Herbert"]
[Black "Burkert, Rolf"]
[Result "1/2-1/2"]
[WhiteElo "1207"]
[BlackElo "1238"]
[PlyCount "89"]
[EventDate "2018.??.??"]
[WhiteTeam "SV Stuttgart-Wolfbusch"]
[BlackTeam "SK Gerlingen"]

1. e4 c6 2. d4 d5 3. e5 Bf5 4. Nf3 e6 5. Be3 a6 6. c4 Bb4+ 7. Nc3 Bxc3+ 8. bxc3
Ne7 9. Qb3 dxc4 10. Bxc4 b5 11. Be2 O-O 12. O-O Qc7 13. Rfd1 Nd5 14. Qb2 Nxe3
15. fxe3 Rd8 16. Bd3 Bxd3 17. Rxd3 Nd7 18. Rad1 Nb6 19. e4 Nc4 20. Qc1 Qa5 21.
Qa1 Qa3 22. Rf1 Qb2 23. Nd2 Qc2 24. Qb1 Qxb1 25. Nxb1 Nxe5 26. Rd2 Nc4 27. Rdf2
Rd7 28. Nd2 Nxd2 29. Rxd2 Rc8 30. Rfd1 f6 31. Kf2 Rcd8 32. Ke3 Kf7 33. h3 h5
34. a3 g5 35. Rd3 Kg6 36. g3 e5 37. d5 c5 38. Rf1 Rd6 39. Rd2 c4 40. Rh2 Rf8
41. Rhf2 Rf7 42. Rf5 Re7 43. Kd2 Rc7 44. Kc2 h4 45. g4 1/2-1/2

[Event "Int. Stuttgarter Stadtmeisterschaft C"]
[Site "Ditzingen"]
[Date "2018.05.13"]
[Round "7.14"]
[White "Hoffmann, Simon"]
[Black "Wolff, Calvin"]
[Result "0-1"]
[WhiteElo "1232"]
[BlackElo "975"]
[PlyCount "65"]
[EventDate "2018.??.??"]
[WhiteTeam "Schach-Kids Bernhausen"]
[BlackTeam "Heilbronner SV"]

1. e4 c5 2. Nf3 d6 3. d4 cxd4 4. Nxd4 Nc6 5. Be3 Nxd4 6. Bxd4 Bd7 7. Nc3 a6 8.
Bd3 Rc8 9. Nd5 e6 10. Nb6 Rc7 11. Nxd7 Qxd7 12. O-O Nf6 13. e5 dxe5 14. Bxe5
Rc8 15. Bxf6 gxf6 16. Qe2 Bd6 17. Rfd1 h6 18. Rac1 Ke7 19. c4 e5 20. Qh5 Rhg8
21. c5 Bc7 22. Bh7 Qc6 23. Bxg8 Rxg8 24. g3 Qe6 25. Qxh6 Qg4 26. Qd2 Rd8 27.
Qc2 Rc8 28. c6 b5 29. Qc5+ Ke8 30. Rd7 Qe6 31. Re1 Rd8 32. Rxc7 Qd5 33. Qe7#
0-1

[Event "Int. Stuttgarter Stadtmeisterschaft C"]
[Site "Ditzingen"]
[Date "2018.05.13"]
[Round "7.15"]
[White "Chugunov, Ivan"]
[Black "Banai, Nilofar"]
[Result "1-0"]
[WhiteElo "1431"]
[BlackElo "1136"]
[PlyCount "63"]
[EventDate "2018.??.??"]
[WhiteTeam "SC Ostfildern"]
[BlackTeam "Heilbronner SV"]

1. e4 e5 2. Nf3 d6 3. Bc4 h6 4. Nc3 Nf6 5. d3 Nc6 6. Be3 Be7 7. Qd2 Ng4 8. h3
Nxe3 9. fxe3 Bf6 10. Nd5 O-O 11. O-O-O Be6 12. Rdg1 Bxd5 13. Bxd5 Rb8 14. g4 g6
15. h4 Kg7 16. g5 hxg5 17. Nxg5 Bxg5 18. Rxg5 Kf6 19. d4 Ke7 20. dxe5 Nxe5 21.
Qb4 Rh8 22. Rxe5+ Kf6 23. Rg5 c5 24. Qc3+ Ke7 25. e5 Rh6 26. exd6+ Qxd6 27. h5
gxh5 28. Rhxh5 Rxh5 29. Rxh5 Rg8 30. b3 b6 31. Re5+ Kf6 32. Re6+ 1-0

[Event "Int. Stuttgarter Stadtmeisterschaft C"]
[Site "Ditzingen"]
[Date "2018.05.13"]
[Round "7.16"]
[White "Hamar, Dirk"]
[Black "Acar, Lukas"]
[Result "1/2-1/2"]
[WhiteElo "1486"]
[BlackElo "1079"]
[PlyCount "58"]
[EventDate "2018.??.??"]
[WhiteTeam "Karlsruher SF"]
[BlackTeam "SF Birkenfeld"]

1. c4 e6 2. g3 Bc5 3. d4 Bb6 4. Bg2 c5 5. d5 exd5 6. Qxd5 Nf6 7. Qd3 O-O 8. Nf3
d6 9. Bf4 Bc7 10. Nc3 Be6 11. Ng5 Nc6 12. Nxe6 fxe6 13. O-O Qd7 14. Rfd1 Rad8
15. Nb5 Ne8 16. Bg5 Rc8 17. Be3 a6 18. Nxc7 Qxc7 19. Bh3 Qe7 20. Qe4 Nd8 21.
Rd2 Rc7 22. Rad1 e5 23. Qg4 h6 24. Qg6 Rf6 25. Qd3 b6 26. Bg4 Nf7 27. Qb3 Rb7
28. Bc8 Rb8 29. Bxa6 Nc7 1/2-1/2

[Event "Int. Stuttgarter Stadtmeisterschaft C"]
[Site "Ditzingen"]
[Date "2018.05.13"]
[Round "7.17"]
[White "Maier, Manuel"]
[Black "Krämer, Heiko"]
[Result "0-1"]
[WhiteElo "1362"]
[BlackElo "1071"]
[PlyCount "60"]
[EventDate "2018.??.??"]
[WhiteTeam "SV Reutlingen"]
[BlackTeam "SC Ostfildern"]

1. e4 e6 2. d4 d5 3. Nd2 Nf6 4. e5 Nfd7 5. Ngf3 c5 6. c3 Nc6 7. Be2 Qb6 8. O-O
cxd4 9. cxd4 Nxd4 10. Nxd4 Qxd4 11. Nf3 Qxd1 12. Rxd1 Be7 13. Rd4 O-O 14. Rg4
Re8 15. Bh6 g6 16. h4 Bf8 17. Bd2 b6 18. h5 Bb7 19. hxg6 hxg6 20. Bb5 Bc8 21.
g3 a6 22. Bd3 Bg7 23. Bc3 Bb7 24. Kg2 d4 25. Rxd4 Nxe5 26. Be4 Nxf3 27. Bxb7
Nxd4 28. Rd1 Ra7 29. Be4 Rd8 30. Bxd4 Rxd4 0-1

[Event "Int. Stuttgarter Stadtmeisterschaft C"]
[Site "Ditzingen"]
[Date "2018.05.13"]
[Round "7.18"]
[White "Motzer, Eric"]
[Black "Reichardt, Felix Alexander"]
[Result "1/2-1/2"]
[WhiteElo "1026"]
[BlackElo "1318"]
[PlyCount "55"]
[EventDate "2018.??.??"]
[WhiteTeam "SF Nabern"]
[BlackTeam "SF Markgräflerland"]

1. d4 e6 2. e4 c5 3. c3 Nc6 4. Nf3 d5 5. e5 cxd4 6. cxd4 Qb6 7. a3 Nge7 8. Nc3
Nf5 9. Ne2 Be7 10. Qd3 O-O 11. Rb1 f6 12. b4 fxe5 13. dxe5 Qc7 14. Qc3 a6 15.
a4 Qb6 16. Bd2 Bd7 17. a5 Qd8 18. Ned4 Nfxd4 19. Nxd4 Nxd4 20. Qxd4 Bg5 21. Be2
Bxd2+ 22. Qxd2 Qh4 23. O-O Qe4 24. Rfe1 Qxe5 25. Bxa6 Qc7 26. Bd3 Qf4 27. Qxf4
Rxf4 28. Rb2 1/2-1/2

[Event "Int. Stuttgarter Stadtmeisterschaft C"]
[Site "Ditzingen"]
[Date "2018.05.13"]
[Round "7.19"]
[White "Schmidt, Julian"]
[Black "Drianis, Anton"]
[Result "1/2-1/2"]
[WhiteElo "1005"]
[BlackElo "1233"]
[PlyCount "54"]
[EventDate "2018.??.??"]
[WhiteTeam "SF Birkenfeld"]
[BlackTeam "SK Gerlingen"]

1. e4 e6 2. Nc3 d5 3. exd5 exd5 4. d4 Nf6 5. Nf3 Bd6 6. Bg5 c6 7. Be2 Nbd7 8.
O-O O-O 9. Re1 Re8 10. a3 Qc7 11. b4 b5 12. Bd3 Rxe1+ 13. Qxe1 Bb7 14. Qd2 Kh8
15. Re1 Bf8 16. Bxf6 Nxf6 17. Ne5 Bd6 18. Nf3 Qd7 19. h3 Rf8 20. Rb1 Bc8 21. a4
a6 22. axb5 axb5 23. Na2 Nh5 24. Re1 Nf4 25. Ne5 Nxh3+ 26. gxh3 Qxh3 27. Qe3
Qh4 1/2-1/2

[Event "Int. Stuttgarter Stadtmeisterschaft C"]
[Site "Ditzingen"]
[Date "2018.05.13"]
[Round "7.20"]
[White "Hoffmann, Julian"]
[Black "Dörr, Florian"]
[Result "1/2-1/2"]
[WhiteElo "1219"]
[BlackElo "972"]
[PlyCount "42"]
[EventDate "2018.??.??"]
[WhiteTeam "Schach-Kids Bernhausen"]
[BlackTeam "SC Ostfildern"]

1. d4 Nf6 2. c4 c5 3. d5 b5 4. b3 g6 5. Bb2 Bg7 6. Nf3 d6 7. Nbd2 O-O 8. e4
Nbd7 9. Bd3 Qb6 10. Qc2 a6 11. O-O Bh6 12. Rab1 Ne8 13. Rfe1 f6 14. Nf1 Nc7 15.
Ne3 a5 16. a4 bxa4 17. bxa4 Qa7 18. Ng4 Bg7 19. Bc1 Re8 20. Nh4 Ne5 21. Nxe5
dxe5 1/2-1/2